Quiz sur le Vaucluse - Statistiques

Statistiques générales
  • Ce quiz a été pris 68 fois
  • Le résultat moyen est 8 sur 10
Statistiques - réponses
Hint Réponse % Correct
Numéro du département 84
98%
Préfecture du département Avignon
98%
Allez, celui là est gratuit ! Comment s'appelle le département ? Vaucluse
97%
Ville romaine dans laquelle se trouve le célèbre théâtre antique Orange
93%
Département au nord du Vaucluse Drôme
83%
Cette ville du Vaucluse est connue pour ses fraises Carpentras
81%
Plus beau village de France, voire du monde Gordes
80%
Rivière située à la frontière entre le Vaucluse et les Bouches-du-Rhône Durance
76%
Massif montagneux situé au sud et à l'est du département Luberon
61%
Il s'agit (techniquement) de la plus vieille ville/village français(e) Courthézon
12%
Aucun quiz correspondant
Distribution des résultats
% des personnes avec chaque résultat
Percentile par nombre de réponses
Votre historique - résultats
Vous n’avez pas pris ce quiz